Charakteristiky úspešných vodcov pri tvorbe a zmene podnikateľského modelu

Teoretické východiská vodcovských vlastností. Komparácia vodcovských charakteristík rôznych autorov. Vodcovské charakteristiky potrebné na tvorbu alebo zmenu podnikateľských modelov.

Salvato in:
Dettagli Bibliografici
Autore principale: Ljudvigová, Ivana
Natura: Capitolo di libro
Lingua:slovacco
Soggetti:
Tags: Aggiungi Tag
Nessun Tag, puoi essere il primo ad aggiungerne!!

MARC

LEADER 00000naa$a2200000$$$4500
001 0195315
005 20240502073255.9
041 0 |a slo 
044 |a SK 
245 1 0 |a Charakteristiky úspešných vodcov pri tvorbe a zmene podnikateľského modelu  |c Ivana Ljudvigová 
520 |a Teoretické východiská vodcovských vlastností. Komparácia vodcovských charakteristík rôznych autorov. Vodcovské charakteristiky potrebné na tvorbu alebo zmenu podnikateľských modelov. 
610 2 0 |a vodcovstvo 
610 2 0 |a lídri 
610 2 0 |a manažéri 
610 2 0 |a zodpovednosť 
610 2 0 |a rozhodovanie 
610 2 0 |a inteligencia 
610 2 0 |a modely podnikateľské 
100 1 |a Ljudvigová, Ivana